Normal view MARC view
  • India.

Entry Corporate Name

Number of records used in: 1

001 - CONTROL NUMBER

  • control field: 108762

003 - CONTROL NUMBER IDENTIFIER

  • control field: NUST

005 - DATE AND TIME OF LATEST TRANSACTION

  • control field: 20230209095705.0

008 - FIXED-LENGTH DATA ELEMENTS

  • fixed length control field: 230209|| aca||aabn | a|a d

040 ## - CATALOGING SOURCE

  • Original cataloging agency: NUST
  • Transcribing agency: NUST

110 ## - HEADING--CORPORATE NAME

  • Corporate name or jurisdiction name as entry element: India.
  • Subordinate unit: Indian Navy
  • General subdivision: History
  • Chronological subdivision: 20th century

670 ## - SOURCE DATA FOUND

  • Source citation: Work cat.: (NUST)0: Bhagwat, Vishnu, 1939- 108761, Betrayal of the defence forces : , 2001.
© 2023 Central Library, National University of Sciences and Technology. All Rights Reserved.